Internal combustion engines (Record no. 24482)

000 -LEADER
fixed length control field 00576nam a22002051 4500
001 - CONTROL NUMBER
control field 24482
003 - CONTROL NUMBER IDENTIFIER
control field BD-DhUET
008 - FIXED-LENGTH DATA ELEMENTS--GENERAL INFORMATION
fixed length control field 681231s1968 paua b 001 0 eng
040 ## - CATALOGING SOURCE
Original cataloging agency DLC
Transcribing agency DLC
Modifying agency BD-DhUET
082 00 - DEWEY DECIMAL CLASSIFICATION NUMBER
Classification number 621.43
Item number OBE/1968
100 ## - MAIN ENTRY--PERSONAL NAME
Personal name Obert, Edward F.
245 10 - TITLE STATEMENT
Title Internal combustion engines
250 ## - EDITION STATEMENT
Edition statement 3rd ed.
260 ## - PUBLICATION, DISTRIBUTION, ETC. (IMPRINT)
Place of publication, distribution, etc. Scranton
Name of publisher, distributor, etc. International Textbook
Date of publication, distribution, etc. 1968
300 ## - PHYSICAL DESCRIPTION
Extent xiii, 736p.
Other physical details illus
490 0# - SERIES STATEMENT
Series statement International textbooks in mechanical engineering
504 ## - BIBLIOGRAPHY, ETC. NOTE
Bibliography, etc Includes bibliographies
650 #0 - SUBJECT ADDED ENTRY--TOPICAL TERM
Topical term or geographic name as entry element Internal combustion engines
942 ## - ADDED ENTRY ELEMENTS (KOHA)
Koha item type General Book
Holdings
Source of classification or shelving scheme Withdrawn status Not for loan Shelving location Date acquired Koha normalized classification for sorting Koha date last seen Location (home branch) Lost status Koha date last borrowed Copy number Koha item type Piece designation (barcode) Sublocation or collection (holding branch) Damaged status Price effective from Koha full call number Koha issues (times borrowed)
   Circulation section2015-05-09621_430000000000000_OBE_19682019-11-18Central Library, BUET 2019-09-281General Book19063Central Library, BUET 2015-05-09621.43/OBE/19682
   Reading section2015-06-16621_430000000000000_OBE_19682015-06-16Central Library, BUET  2General Book32007Central Library, BUET 2015-06-16621.43/OBE/1968 
   Reading section2015-06-16621_430000000000000_OBE_19682015-06-16Central Library, BUET  3Reading Item40437Central Library, BUET 2015-06-16621.43/OBE/1968 
   Reading section2015-06-23621_430000000000000_OBE_19682015-06-23Central Library, BUET  4Reading Item19060Central Library, BUET 2015-06-23621.43/OBE/1968 
   Reading section2015-07-03621_430000000000000_OBE_19682015-07-03Central Library, BUET  5Reading Item32117Central Library, BUET 2015-07-03621.43/OBE/1968